000 00528nam a2200193 a 4500
001 1770453313094
003 YourLibrary
005 20260207140845.0
008 260207s1996##################000#0#eng##
020 _a9781858986029
082 0 4 _a330.1560973
_bCOL
100 1 _aColander, David C.,
_eauthor.
245 1 0 _aThe Coming of Keynesianism to America :
260 _bEdward Elgar Pub,
_c1996.
300 _a244 pages
650 0 _aBusiness & Economics.
942 _cENGLISH
040 _aYourLibrary
_beng
_cYourLibrary
999 _c611067
_d611067